Scaramouche.

Bibliographic Details
Main Author: Milhaud, Darius, 1892-1974
Corporate Author: Calgary Philharmonic Orchestra
Other Authors: Graf, Hans, 1949-, Brown, Jeremy, Villa-Lobos, Heitor
Format: CD Audio
Language:No linguistic content
Published: Toronto : CBC Records/Les disques SRC, [2002]
Subjects:

MARC

Tag First Indicator Second Indicator Subfields
LEADER 00000cjm a2200000Ia 4500
001 in00002194607
005 20151104083310.0
007 sd fsngnn|||ed
008 021127s2002 xxc n zxx d
028 0 2 |a SMCD 5217  |b CBC Records/Les disques SRC 
035 |a (OCoLC)ocm51091241 
040 |a JHP  |c JHP  |d OCLCQ  |d MFM  |d OCLCQ  |d TXA  |d UtOrBLW 
049 |a TXAM 
050 4 |a M1060.M674  |b S28 2002 
082 0 4 |a 785.0092 
100 1 |a Milhaud, Darius,  |d 1892-1974. 
240 1 0 |a Saudades do Brasil 
245 1 0 |a Scaramouche. 
264 1 |a Toronto :  |b CBC Records/Les disques SRC,  |c [2002] 
264 4 |c ℗2002 
300 |a 1 sound disc (66 min.) :  |b digital, stereo ;  |c 4 3/4 in. 
306 |a 010533 
336 |a performed music  |b prm  |2 rdacontent 
337 |a audio  |b s  |2 rdamedia 
338 |a audio disc  |b sd  |2 rdacarrier 
500 |a Program notes by Harold Gillis in English and French ([14] pages) in container. 
505 0 |a Jeremy Brown, saxophone (in 2nd work) ; Calgary Philharmonic Orchestra ; Hans Graf, conductor. 
511 1 |a Saudades do Brazil (24:42) -- Scaramouche: Suite for saxophone & orchestra (9:59) / Darius Milhaud -- Desobrimento do Brazil: Suite #2 (12:59) -- Descobrimento do Brazil: Suite #3 (17:24) / Heitor Villa-Lobos. 
500 |a Sound recording. 
650 0 |a Suites (Orchestra), Arranged. 
650 0 |a Suites (Orchestra) 
650 0 |a Orchestral music. 
700 1 |a Graf, Hans,  |d 1949- 
700 1 |a Brown, Jeremy. 
700 1 2 |a Milhaud, Darius,  |d 1892-1974.  |t Scaramouche;  |o arranged. 
700 1 2 |a Villa-Lobos, Heitor.  |t Descobrimento do Brasil.  |k Selections. 
710 2 |a Calgary Philharmonic Orchestra. 
948 |a cataloged  |b h  |c 2006/11/1  |d c  |e cajsmith  |f 12:20:43 pm 
994 |a C0  |b TXA 
999 |a MARS 
999 f f |s 2517bc0a-683b-3441-908c-03ca0481b5f2  |i a39446f5-c2dc-3cb9-92e7-5874bbfd6b87  |t 0 
952 f f |p ric  |a Texas A&M University  |b Rellis Campus  |c Joint Library Facility  |d Remote Storage  |t 0  |e M1060.M674 S28 2002  |h Library of Congress classification  |i audio -- audio disc  |m A14834831781 
998 f f |a M1060.M674 S28 2002  |t 0  |l Remote Storage